[Event "Roquetas de Mar op 33rd"]
[White "Fier,Alexandr"]
[Black "Vasquez Schroder,Rodrigo Rafael"]
[Site "Roquetas de Mar"]
[Round "9"]
[Annotator ""]
[Result "1/2-1/2"]
[Date "2022.01.09"]
[WhiteElo "2573"]
[BlackElo "2494"]
[PlyCount "82"]

1. c4 Nf6 2. Nf3 e6 3. Nc3 d5 4. e3 c6 5. b3 Bd6 6. Bb2 O-O 7. Be2 b6 8. O-O Bb7 9. d4 Nbd7 10. Bd3 Re8 11. Re1 c5 12. cxd5 exd5 13. Rc1 a6 14. Bf5 Rc8 15. dxc5 bxc5 16. Na4 Rc7 17. Bh3 Ne4 18. Nc3 Ndf6 19. Nxe4 Nxe4 20. g3 Qe7 21. Rc2 a5 22. Bg2 a4 23. Nd2 axb3 24. axb3 Nf6 25. Nb1 Be5 26. Bxe5 Qxe5 27. Nd2 Qe6 28. Qc1 Qb6 29. Rd1 h6 30. Qb2 Bc8 31. Rcc1 Bg4 32. Re1 Be6 33. Qc2 Rb8 34. Qc3 Qb4 35. Qxb4 Rxb4 36. Rc3 Kf8 37. Rec1 Nd7 38. f4 g6 39. Rd3 Nf6 40. Rdc3 Nd7 41. Rd3 Nf6 1/2-1/2

[Event "Roquetas de Mar op 33rd"]
[White "Fier,Alexandr"]
[Black "Vrolijk,Liam"]
[Site "Roquetas de Mar"]
[Round "7"]
[Annotator ""]
[Result "0-1"]
[Date "2022.01.08"]
[WhiteElo "2573"]
[BlackElo "2477"]
[PlyCount "102"]

1. e4 e5 2. Nf3 Nc6 3. Bb5 a6 4. Ba4 Nf6 5. O-O Be7 6. Re1 b5 7. Bb3 O-O 8. h3 Bb7 9. d3 d5 10. exd5 Nxd5 11. Nbd2 Qd7 12. Nxe5 Nxe5 13. Rxe5 Nf4 14. Nf3 Nxg2 15. Kxg2 a5 16. a4 Ra6 17. Bf4 Rf6 18. Re4 Bxe4 19. dxe4 Qxd1 20. Rxd1 bxa4 21. Bg5 Rg6 22. Bxa4 Bxg5 23. Ne5 Rd6 24. Rd5 Rxd5 25. exd5 Bf6 26. Nc4 Rd8 27. Bc6 a4 28. c3 Bg5 29. d6 cxd6 30. Bxa4 d5 31. Ne5 Rb8 32. Nd3 Rb6 33. Bd1 Kf8 34. Bf3 Rb5 35. Kf1 Ke7 36. Ke2 Kd6 37. Kd1 Ra5 38. Ke2 Ra1 39. Bg2 Bc1 40. Nb4 Bxb2 41. Nxd5 Ba3 42. Ne3 Ra2+ 43. Ke1 Bc5 44. Nf5+ Ke5 45. Nxg7 Bxf2+ 46. Kd1 Be3 47. Bf3 Rd2+ 48. Ke1 Rh2 49. Bg4 Bd2+ 50. Kf1 Bxc3 51. Nf5 Kf4 0-1

[Event "Roquetas de Mar op 33rd"]
[White "Yuffa,Daniil"]
[Black "Fier,Alexandr"]
[Site "Roquetas de Mar"]
[Round "8"]
[Annotator ""]
[Result "1/2-1/2"]
[Date "2022.01.08"]
[WhiteElo "2574"]
[BlackElo "2573"]
[PlyCount "143"]

1. d4 Nf6 2. c4 e6 3. g3 c5 4. d5 exd5 5. cxd5 d6 6. Nc3 g6 7. Bg2 Bg7 8. Nf3 O-O 9. O-O Re8 10. Bf4 h6 11. Qc1 g5 12. Bd2 Bf5 13. h4 g4 14. Ne1 Kh7 15. Nc2 Bg6 16. Ne3 Nbd7 17. h5 Nxh5 18. Nxg4 f5 19. Nh2 Ne5 20. Nf3 b5 21. Nxb5 f4 22. Bxf4 Nxf4 23. Qxf4 Rb8 24. Nxa7 Rb4 25. Qc1 Nxf3+ 26. Bxf3 Bxb2 27. Qd1 Rd4 28. Qe1 Bxa1 29. Qxa1 Ra4 30. Nc6 Qg5 31. Qb2 Kg8 32. Kg2 h5 33. Rh1 h4 34. a3 Rc4 35. Qb3 Rf4 36. Qb2 Be4 37. Rh3 Bxd5 38. Qc1 Rg4 39. Qd1 Rge4 40. Rxh4 Bxc6 41. Bxe4 Rxe4 42. Rxe4 Bxe4+ 43. f3 Qd5 44. Qa1 Bf5 45. a4 Qd2 46. Kf1 Kf7 47. a5 c4 48. a6 c3 49. Qa5 Bh3+ 50. Kg1 Be6 51. a7 Qe1+ 52. Kg2 Qxe2+ 53. Kg1 Qe3+ 54. Kg2 Qd2+ 55. Kg1 Qd1+ 56. Kg2 Qc2+ 57. Kg1 Qb1+ 58. Kg2 Qb2+ 59. Kg1 Qc1+ 60. Kg2 Qd2+ 61. Kg1 Qd4+ 62. Kg2 Qd2+ 63. Kg1 Qe1+ 64. Kg2 Qe2+ 65. Kg1 Qe3+ 66. Kg2 c2 67. Qc7+ Kf6 68. Qd8+ Kg7 69. Qe7+ Kg6 70. Qe8+ Kf6 71. Qd8+ Kf7 72. Qc7+ 1/2-1/2

[Event "Roquetas de Mar op 33rd"]
[White "Dudin,Gleb"]
[Black "Fier,Alexandr"]
[Site "Roquetas de Mar"]
[Round "6"]
[Annotator ""]
[Result "0-1"]
[Date "2022.01.07"]
[WhiteElo "2474"]
[BlackElo "2573"]
[PlyCount "98"]

1. d4 d5 2. c4 e6 3. Nf3 Nf6 4. g3 Bb4+ 5. Nbd2 dxc4 6. Bg2 Bd7 7. O-O Bxd2 8. Bxd2 Bc6 9. Qc2 Ne4 10. Qxc4 Nxd2 11. Nxd2 Bxg2 12. Kxg2 c6 13. Ne4 O-O 14. Nc5 Qc7 15. Qb3 Nd7 16. Rac1 Nxc5 17. Rxc5 Rfd8 18. e3 Rd5 19. Rfc1 Rad8 20. h4 h5 21. R1c3 g6 22. a3 Qe7 23. Qb4 R8d7 24. Rc2 Kf8 25. Qc3 Rxc5 26. Qxc5 Qxc5 27. Rxc5 Ke7 28. Kf3 Kd6 29. Kf4 b6 30. Rc2 f6 31. e4 Kc7 32. Ke3 Kd6 33. f3 a5 34. e5+ Kd5 35. exf6 Rf7 36. Kf4 Rxf6+ 37. Kg5 Rxf3 38. Rg2 Kxd4 39. Kxg6 e5 40. Kxh5 e4 41. Kg4 Rf1 42. Rd2+ Kc4 43. Rd6 e3 44. Rxc6+ Kd5 45. Rc2 Kd4 46. h5 Kd3 47. Rh2 e2 48. Rxe2 Kxe2 49. h6 Kf2 0-1

[Event "Roquetas de Mar op 33rd"]
[White "Fier,Alexandr"]
[Black "Harsha,Bharathakoti"]
[Site "Roquetas de Mar"]
[Round "5"]
[Annotator ""]
[Result "1-0"]
[Date "2022.01.06"]
[WhiteElo "2573"]
[BlackElo "2485"]
[PlyCount "61"]

1. e4 c6 2. d4 d5 3. e5 c5 4. dxc5 e6 5. a3 Bxc5 6. Qg4 Ne7 7. Nf3 O-O 8. Bd3 f6 9. b4 Bb6 10. O-O Nbc6 11. Bb2 Nxe5 12. Nxe5 fxe5 13. Bxe5 Rf7 14. Nd2 Nc6 15. Nf3 Nxe5 16. Nxe5 Rf6 17. Rae1 Qf8 18. Qh4 Rh6 19. Qg3 a5 20. b5 Rf6 21. Ng4 Rf4 22. Re5 Bc7 23. Rg5 g6 24. Bxg6 hxg6 25. Rxg6+ Kf7 26. Nh6+ Ke7 27. Rg7+ Kd6 28. c4 e5 29. c5+ Ke6 30. Qg6+ Rf6 31. Qg4+ 1-0

[Event "Roquetas de Mar op 33rd"]
[White "Jakubowski,Krzysztof"]
[Black "Fier,Alexandr"]
[Site "Roquetas de Mar"]
[Round "4"]
[Annotator ""]
[Result "0-1"]
[Date "2022.01.06"]
[WhiteElo "2470"]
[BlackElo "2573"]
[PlyCount "104"]

1. e4 c5 2. Nf3 Nc6 3. d4 cxd4 4. Nxd4 g6 5. Nc3 Bg7 6. Be3 Nf6 7. Nb3 O-O 8. Be2 d6 9. O-O Be6 10. Qd2 d5 11. exd5 Nxd5 12. Nxd5 Qxd5 13. Qxd5 Bxd5 14. c3 Ne5 15. Rfd1 Bc4 16. Kf1 Rfd8 17. Nd2 Bd3 18. Bd4 Bc2 19. Rdc1 Bf5 20. Ke1 Bh6 21. Rd1 Nd3+ 22. Bxd3 Bxd3 23. Be3 Bxe3 24. fxe3 Bc2 25. Rdc1 Ba4 26. Nf3 f6 27. b3 Bc6 28. Rd1 e5 29. c4 Kf7 30. Rxd8 Rxd8 31. Rd1 Rc8 32. Kf2 Ke6 33. Rd2 Be4 34. Ng1 Bc6 35. Ne2 b5 36. c5 b4 37. a3 a5 38. axb4 axb4 39. Rd6+ Ke7 40. Nc1 Be4 41. Nd3 Bxd3 42. Rxd3 Rxc5 43. Rd2 Rc3 44. Ra2 Ke6 45. e4 Rxb3 46. Ra6+ Ke7 47. Ra7+ Kd6 48. Rxh7 Rc3 49. Rf7 b3 50. Rxf6+ Kc5 51. Rf8 Kc4 52. Rb8 Kd3 0-1

[Event "Roquetas de Mar op 33rd"]
[White "Fier,Alexandr"]
[Black "Petkidis,Anthony"]
[Site "Roquetas de Mar"]
[Round "3"]
[Annotator ""]
[Result "1-0"]
[Date "2022.01.05"]
[WhiteElo "2573"]
[BlackElo "2411"]
[PlyCount "117"]

1. e4 c6 2. d4 d5 3. e5 Bf5 4. h4 h5 5. Bd3 Bxd3 6. Qxd3 Qa5+ 7. Nd2 e6 8. Ngf3 Nh6 9. O-O Nf5 10. Nb3 Qa6 11. Qd1 Be7 12. g3 Nd7 13. a4 Rc8 14. Kg2 c5 15. dxc5 Nxc5 16. Nbd4 g6 17. a5 Nxd4 18. Nxd4 Nd7 19. Re1 Kf8 20. c3 Kg7 21. Qf3 Qc4 22. Re3 Nc5 23. Qd1 Nd7 24. Ra4 Qa6 25. b4 b5 26. axb6 Qxb6 27. Bd2 a6 28. Qa1 Ra8 29. Re1 Qb7 30. Ra2 Nb6 31. Kh2 Nc4 32. Bf4 Qb6 33. Rb1 Rhb8 34. Rb3 Qb7 35. Qb1 Qc7 36. Qa1 Qc8 37. Qc1 Qc7 38. Rb1 Rb6 39. Qe1 Rc8 40. Rba1 Qb7 41. Qe2 Kg8 42. Kg1 Kg7 43. Kg2 Ra8 44. Kh3 Qd7 45. Qf3 Qc7 46. Qe2 a5 47. Kg2 Rab8 48. bxa5 Ra6 49. Qf3 Rba8 50. Re1 Rxa5 51. Rxa5 Rxa5 52. Bg5 Bxg5 53. hxg5 Kg8 54. Qf6 Ra6 55. g4 h4 56. Rh1 Qxe5 57. Qd8+ Kg7 58. Rxh4 Ne3+ 59. Kh3 1-0

[Event "Roquetas de Mar op 33rd"]
[White "Grieve,Harry"]
[Black "Fier,Alexandr"]
[Site "Roquetas de Mar"]
[Round "2"]
[Annotator ""]
[Result "0-1"]
[Date "2022.01.05"]
[WhiteElo "2330"]
[BlackElo "2573"]
[PlyCount "130"]

1. e4 c5 2. Nf3 Nc6 3. d4 cxd4 4. Nxd4 Nf6 5. Nc3 d6 6. f3 e5 7. Nb3 Be7 8. Be3 Be6 9. Nd5 O-O 10. Be2 a5 11. O-O a4 12. Nxe7+ Qxe7 13. Nd2 d5 14. a3 d4 15. Bg5 Qc5 16. Bd3 Nd7 17. Qe2 b5 18. b4 axb3 19. Nxb3 Qb6 20. Rfb1 b4 21. axb4 Nxb4 22. Be7 Nxd3 23. Qxd3 Rxa1 24. Rxa1 Rc8 25. Qa6 Qxa6 26. Rxa6 d3 27. c4 Bxc4 28. Rd6 Nb8 29. Nd2 Bb5 30. Rb6 Ba4 31. Kf2 f6 32. Ke3 Bc2 33. Bb4 h5 34. h4 Nc6 35. Bc3 Kh7 36. g3 Nd8 37. Bb2 Nf7 38. Nf1 Bd1 39. Nd2 Be2 40. Ba3 Rc2 41. Rb7 Nd8 42. Rb2 Rc6 43. Nb3 Ne6 44. f4 Ra6 45. Bb4 Rb6 46. Bc3 Rc6 47. Bd2 Nd8 48. Nc1 Bf1 49. Kf2 Bh3 50. Nxd3 Nf7 51. Bb4 Nh6 52. Kf3 Ng4 53. Nf2 Nh2+ 54. Ke3 Bf1 55. Ba5 Rc4 56. Bd2 Bg2 57. fxe5 fxe5 58. Rb4 Rc2 59. Kd3 Ra2 60. Nd1 Bf1+ 61. Kc3 Nf3 62. Rb2 Ra3+ 63. Kb4 Rd3 64. Bc3 Rxd1 65. Rf2 Nd4 0-1

[Event "Roquetas de Mar op 33rd"]
[White "Fier,Alexandr"]
[Black "Namitbir,Singh Walia"]
[Site "Roquetas de Mar"]
[Round "1"]
[Annotator ""]
[Result "1-0"]
[Date "2022.01.04"]
[WhiteElo "2573"]
[BlackElo "2093"]
[PlyCount "87"]

1. e4 e5 2. Nf3 Nc6 3. Bb5 a6 4. Ba4 Nf6 5. O-O Be7 6. d3 b5 7. Bb3 d6 8. a3 O-O 9. Nc3 Bg4 10. Be3 Nd4 11. Bxd4 exd4 12. Nd5 c5 13. h3 Be6 14. Nxf6+ Bxf6 15. Bxe6 fxe6 16. Qe2 Be5 17. g3 Qf6 18. Nh2 g5 19. a4 b4 20. Kh1 Ra7 21. h4 h6 22. Ng4 Qg6 23. hxg5 hxg5 24. Kg2 Rh7 25. Rh1 Rff7 26. a5 Kf8 27. Qd2 Rh5 28. Raf1 Rfh7 29. Qc1 Bf6 30. Rxh5 Rxh5 31. f4 Ke7 32. f5 exf5 33. exf5 Qh7 34. Qe1+ Be5 35. Qe4 Rh3 36. f6+ Kf7 37. Qb7+ Kg6 38. Nxe5+ dxe5 39. f7 Rxg3+ 40. Kxg3 Qh4+ 41. Kg2 Qg4+ 42. Kh2 Qh4+ 43. Kg1 Qg3+ 44. Qg2 1-0

[Event "Lorca op 10th"]
[White "Alonso Garcia,Aaron"]
[Black "Fier,Alexandr"]
[Site "Lorca"]
[Round "9"]
[Annotator ""]
[Result "0-1"]
[Date "2021.12.30"]
[WhiteElo "2367"]
[BlackElo "2572"]
[PlyCount "128"]

1. e4 c5 2. Nf3 d6 3. d4 cxd4 4. Nxd4 Nf6 5. Nc3 Nc6 6. Bg5 Bd7 7. Qd2 a6 8. f4 e6 9. O-O-O Be7 10. Kb1 b5 11. Bxf6 Bxf6 12. Nxc6 Bxc6 13. Qxd6 Qxd6 14. Rxd6 Rc8 15. e5 Be7 16. Rd2 Bc5 17. Nd1 Ke7 18. Bd3 Rhd8 19. Re1 Rd7 20. Rde2 Rcd8 21. Kc1 b4 22. Ne3 a5 23. Nc4 a4 24. Na5 Bd5 25. Be4 Rc7 26. b3 Bb6 27. Nc4 Bxc4 28. bxc4 Rxc4 29. Rd1 Rxd1+ 30. Kxd1 Rc3 31. Bd3 Ra3 32. Bc4 Be3 33. g3 Rc3 34. Re1 Bxf4 35. Bb5 Rc5 36. Bxa4 Bxe5 37. Bb3 Bd4 38. Ke2 f5 39. Kf3 e5 40. Kg2 Kf6 41. Rd1 Rc8 42. h4 h5 43. Rd3 Rd8 44. Bc4 e4 45. Rd1 g6 46. Bb3 Ke5 47. Bc4 Rc8 48. Bb3 Rc3 49. Rd2 Rf3 50. Bf7 f4 51. gxf4+ Rxf4 52. Be8 Rxh4 53. Kg3 Rg4+ 54. Kh3 e3 55. Re2 Kf4 56. Bc6 Rg3+ 57. Kh2 Bc3 58. Bb5 g5 59. Rg2 Rxg2+ 60. Kxg2 g4 61. Bc4 h4 62. Be2 h3+ 63. Kh2 Kg5 64. Kg3 Be5# 0-1

[Event "Lorca op 10th"]
[White "Fier,Alexandr"]
[Black "Grigoryan,Karen H"]
[Site "Lorca"]
[Round "8"]
[Annotator ""]
[Result "1/2-1/2"]
[Date "2021.12.30"]
[WhiteElo "2572"]
[BlackElo "2645"]
[PlyCount "68"]

1. e4 c5 2. Nf3 d6 3. d4 cxd4 4. Nxd4 Nf6 5. Nc3 g6 6. Be3 Bg7 7. f3 a6 8. Qd2 h5 9. Bc4 b5 10. Bb3 Bb7 11. a4 bxa4 12. Nxa4 Nbd7 13. O-O Qc7 14. Qc3 Rc8 15. Qxc7 Rxc7 16. Ne2 d5 17. exd5 Nxd5 18. Bd4 O-O 19. Rfd1 e6 20. Bxg7 Kxg7 21. Kf2 Rb8 22. Rd2 Bc6 23. Bxd5 Bxd5 24. b3 Bc6 25. Nb2 Bb5 26. Nd4 Nc5 27. b4 Nd7 28. c4 Bxc4 29. Nxc4 Rxc4 30. Nxe6+ fxe6 31. Rxd7+ Kf6 32. Rxa6 Rbxb4 33. Rd2 Rc7 34. Re2 Re7 1/2-1/2

[Event "Lorca op 10th"]
[White "Fier,Alexandr"]
[Black "Karthik,Venkataraman"]
[Site "Lorca"]
[Round "6"]
[Annotator ""]
[Result "1-0"]
[Date "2021.12.29"]
[WhiteElo "2572"]
[BlackElo "2506"]
[PlyCount "122"]

1. e4 c6 2. d4 d5 3. e5 Bf5 4. Nd2 e6 5. Nb3 Nd7 6. Nf3 Ne7 7. Be2 Nc8 8. O-O Be7 9. a4 O-O 10. a5 a6 11. Be3 Na7 12. c3 Qc7 13. Ne1 c5 14. f4 Bg6 15. dxc5 Nxc5 16. Nf3 Nxb3 17. Qxb3 Bc5 18. Bxc5 Qxc5+ 19. Nd4 Rab8 20. Ra4 b5 21. Qb4 Qc7 22. Raa1 Be4 23. Rad1 Rfc8 24. g3 h6 25. h4 Qc5 26. Rc1 Rc7 27. Qxc5 Rxc5 28. Kf2 Kf8 29. Ke3 Ke7 30. h5 Rcc8 31. b4 Rc7 32. Nb3 Rbc8 33. Nc5 Rxc5 34. bxc5 Rxc5 35. c4 bxc4 36. Bxc4 Rxa5 37. Ra1 Rc5 38. Bxa6 Rc3+ 39. Kd4 Rb3 40. Kc5 Kd7 41. Bd3 Rc3+ 42. Kb4 Rc7 43. Bxe4 Nc6+ 44. Kb3 Nd4+ 45. Kb2 Rb7+ 46. Kc3 Ne2+ 47. Kd2 Nxg3 48. Bc2 Nxf1+ 49. Rxf1 Ke7 50. Rg1 Kf8 51. Ra1 Rb8 52. Ra7 Rc8 53. Bd3 Rb8 54. Kc3 Rc8+ 55. Kd4 Rc1 56. Bb5 f6 57. Bd3 Rd1 58. Kc3 fxe5 59. fxe5 Re1 60. Kd4 Rd1 61. Ke3 Re1+ 1-0

[Event "Lorca op 10th"]
[White "Fier,Alexandr"]
[Black "Valmana Canto,Jaime"]
[Site "Lorca"]
[Round "4"]
[Annotator ""]
[Result "1-0"]
[Date "2021.12.28"]
[WhiteElo "2572"]
[BlackElo "2387"]
[PlyCount "58"]

1. e4 e6 2. d4 d5 3. Nc3 Nf6 4. e5 Nfd7 5. f4 c5 6. Nf3 Nc6 7. Be3 Be7 8. Qd2 O-O 9. dxc5 Qa5 10. a3 Bxc5 11. O-O-O Rd8 12. Bxc5 Nxc5 13. Qe3 Qb6 14. Nd4 Bd7 15. h4 Rac8 16. Rh3 Be8 17. Be2 Ne4 18. Nxe4 dxe4 19. Nxc6 Qxe3+ 20. Rxe3 Bxc6 21. Rxd8+ Rxd8 22. b4 a6 23. Rc3 Ra8 24. Kd2 f5 25. Ke3 Kf7 26. a4 Bxa4 27. Rc7+ Kf8 28. Bc4 Bxc2 29. Bxe6 Ke8 1-0

[Event "Lorca op 10th"]
[White "Pranesh,M."]
[Black "Fier,Alexandr"]
[Site "Lorca"]
[Round "5"]
[Annotator ""]
[Result "1/2-1/2"]
[Date "2021.12.28"]
[WhiteElo "2437"]
[BlackElo "2572"]
[PlyCount "53"]

1. e4 c5 2. Nf3 d6 3. d4 cxd4 4. Nxd4 Nf6 5. Nc3 Nc6 6. Bg5 e6 7. Qd3 Be7 8. O-O-O O-O 9. Nxc6 bxc6 10. h4 Rb8 11. Qg3 Qb6 12. b3 Qa5 13. h5 Rb7 14. h6 g6 15. Rh3 e5 16. Qh4 Bxh3 17. Bxf6 Qxc3 18. Bxe7 Bg4 19. f3 Re8 20. Bd3 f6 21. Bc4+ d5 22. exd5 Qa1+ 23. Kd2 Qd4+ 24. Ke1 Qg1+ 25. Kd2 Qd4+ 26. Ke1 Qg1+ 27. Kd2 1/2-1/2

[Event "Lorca op 10th"]
[White "Fier,Alexandr"]
[Black "Sismeiro,Miguel"]
[Site "Lorca"]
[Round "2"]
[Annotator ""]
[Result "0-1"]
[Date "2021.12.27"]
[WhiteElo "2572"]
[BlackElo "2203"]
[PlyCount "92"]

1. e4 c5 2. Nf3 e6 3. c3 d5 4. e5 d4 5. c4 Ne7 6. Bd3 Nbc6 7. O-O Ng6 8. Bxg6 fxg6 9. d3 Be7 10. Bf4 O-O 11. Bg3 g5 12. h3 Bd7 13. Nbd2 Be8 14. Qe2 Bh5 15. a3 Qe8 16. Qe4 Bg6 17. Qe2 Bf5 18. Ne1 Qg6 19. f3 h5 20. Bh2 g4 21. fxg4 hxg4 22. hxg4 Bxg4 23. Qe4 Rxf1+ 24. Kxf1 Rf8+ 25. Kg1 Bf5 26. Qe2 Bg5 27. Nf1 Bh6 28. Rb1 Bg4 29. Qe4 Qxe4 30. dxe4 Be2 31. Ng3 Bxc4 32. b3 Bb5 33. Nf3 Bf4 34. Nf1 Bxf1 35. Rxf1 Bxh2+ 36. Kxh2 Nxe5 37. Kg3 b5 38. Rc1 Nxf3 39. gxf3 Rc8 40. Kf4 c4 41. bxc4 bxc4 42. e5 Kf7 43. Ke4 d3 44. Ke3 g5 45. Kd2 Kg6 46. Kc3 Kf5 0-1

[Event "Lorca op 10th"]
[White "Srijit,Paul"]
[Black "Fier,Alexandr"]
[Site "Lorca"]
[Round "3"]
[Annotator ""]
[Result "0-1"]
[Date "2021.12.27"]
[WhiteElo "2340"]
[BlackElo "2572"]
[PlyCount "162"]

1. e4 c5 2. Nf3 d6 3. d4 cxd4 4. Nxd4 Nf6 5. Nc3 Nc6 6. Bc4 Qb6 7. Nde2 e6 8. O-O a6 9. a3 Be7 10. Ba2 Qc7 11. Ng3 b5 12. f4 h5 13. Qf3 Bb7 14. Nge2 O-O-O 15. Be3 Ng4 16. Kh1 g5 17. Bg1 gxf4 18. Nxf4 Kb8 19. Qe2 Nce5 20. Bb3 h4 21. h3 Nf6 22. Qe3 Qc5 23. Qd2 Qc6 24. Rae1 Rdg8 25. Qd4 Rg3 26. Nd3 Qc7 27. Nb4 Qc5 28. Qd2 Qc7 29. Qd4 Kc8 30. Re3 Rhg8 31. Rxg3 Rxg3 32. Bh2 Rg6 33. a4 bxa4 34. Bxa4 Qc4 35. Qxc4+ Nxc4 36. Bc6 d5 37. Bxb7+ Kxb7 38. Nd3 Nd2 39. Rf2 Ndxe4 40. Nxe4 dxe4 41. Ne5 Rg7 42. Rf4 e3 43. Kg1 e2 44. Nd3 Kc6 45. Rc4+ Kb5 46. Rc7 e1=R+ 47. Nxe1 Bc5+ 48. Kh1 Ne4 49. Nd3 Bd4 50. Be5 Ng3+ 51. Kh2 Nf1+ 52. Kh1 Bxe5 53. Nxe5 Ne3 54. Ng4 Kb6 55. Rd7 Nxc2 56. Kg1 a5 57. Kf2 a4 58. Rd6+ Kb5 59. Rd7 Kb6 60. Rd6+ Kc5 61. Rd7 Nb4 62. Kf3 Nc6 63. Kf2 Rg8 64. Nf6 Rb8 65. Ne4+ Kb4 66. Rc7 Ne5 67. Ke2 f5 68. Nc3 Kb3 69. Rc5 Ng6 70. Rc6 Rb4 71. Nd1 Re4+ 72. Kf1 Nf4 73. Rc3+ Ka2 74. Rc2 Rd4 75. Ke1 Kb1 76. Rd2 Re4+ 77. Kf1 Kc1 78. Rd8 Nd5 79. Nf2 Re3 80. Ra8 Kd2 81. g4 hxg3 0-1

[Event "Castelldefels Llobregat op 2nd"]
[White "Karthik,Venkataraman"]
[Black "Fier,Alexandr"]
[Site "Castelldefels"]
[Round "6"]
[Annotator ""]
[Result "1/2-1/2"]
[Date "2021.12.05"]
[WhiteElo "2491"]
[BlackElo "2563"]
[PlyCount "53"]

1. d4 d5 2. c4 c6 3. Nf3 Nf6 4. e3 e6 5. b3 Ne4 6. Bb2 Nd7 7. Nbd2 f5 8. Be2 Bd6 9. O-O Qf6 10. Ne1 Nxd2 11. Qxd2 Qh6 12. Nf3 b6 13. b4 dxc4 14. Bxc4 Bb7 15. a3 Rd8 16. Rfd1 O-O 17. Qe2 Kh8 18. Rac1 Nf6 19. Ne5 Nd5 20. h3 f4 21. Bxd5 cxd5 22. exf4 Qxf4 23. Rc2 Bxe5 24. Qxe5 Qxe5 25. dxe5 Rc8 26. Rdc1 Rxc2 27. Rxc2 1/2-1/2

[Event "Castelldefels Llobregat op 2nd"]
[White "Fier,Alexandr"]
[Black "Gretarsson,Helgi Ass"]
[Site "Castelldefels"]
[Round "5"]
[Annotator ""]
[Result "1-0"]
[Date "2021.12.04"]
[WhiteElo "2563"]
[BlackElo "2476"]
[PlyCount "61"]

1. e4 e5 2. Nf3 Nc6 3. Bc4 Bc5 4. d3 Nf6 5. Bg5 h6 6. Bh4 a6 7. c3 d6 8. a4 Ba7 9. Nbd2 Qe7 10. b4 g5 11. Bg3 Nh5 12. O-O Nxg3 13. hxg3 h5 14. b5 Nd8 15. d4 g4 16. Nh4 exd4 17. cxd4 Bxd4 18. Rc1 axb5 19. axb5 Bb6 20. Kh2 Ne6 21. f4 gxf3 22. Ndxf3 Rg8 23. e5 dxe5 24. Nxe5 Qg5 25. Qf3 Rg7 26. Rce1 Ra1 27. Nxf7 Rxe1 28. Nxg5 Rxf1 29. Qxh5+ Ke7 30. Nxe6 Bg1+ 31. Kh1 1-0

[Event "Castelldefels Llobregat op 2nd"]
[White "Beerdsen,Thomas"]
[Black "Fier,Alexandr"]
[Site "Castelldefels"]
[Round "4"]
[Annotator ""]
[Result "1/2-1/2"]
[Date "2021.12.03"]
[WhiteElo "2484"]
[BlackElo "2563"]
[PlyCount "94"]

1. e4 c5 2. Nf3 Nc6 3. Nc3 e6 4. d4 cxd4 5. Nxd4 Nf6 6. Nxc6 bxc6 7. e5 Nd5 8. Ne4 Qc7 9. f4 Qb6 10. c4 Bb4+ 11. Ke2 f5 12. exf6 Nxf6 13. Be3 Qd8 14. Nd6+ Bxd6 15. Qxd6 Bb7 16. Kd1 c5 17. Qxc5 Be4 18. Qd4 d5 19. c5 O-O 20. Be2 Qe8 21. Ke1 Qg6 22. Rc1 Qxg2 23. Rg1 Qxh2 24. c6 Qh4+ 25. Kd2 Qh2 26. Qe5 Bf3 27. Bd4 Bxe2 28. Rxg7+ Kxg7 29. Qg5+ Kh8 30. Bxf6+ Rxf6 31. Qxf6+ Kg8 32. Qxe6+ Kf8 33. Qxe2 Qxf4+ 34. Qe3 Qxe3+ 35. Kxe3 Ke7 36. Rh1 Kd6 37. Rh6+ Kc7 38. Kd4 Kb6 39. b4 a5 40. a3 axb4 41. axb4 Ra1 42. Kxd5 Rd1+ 43. Kc4 Rc1+ 44. Kd5 Rd1+ 45. Kc4 Rc1+ 46. Kd5 Rd1+ 47. Kc4 Rc1+ 1/2-1/2

[Event "Castelldefels Llobregat op 2nd"]
[White "Fier,Alexandr"]
[Black "Manish,Anto Cristiano F"]
[Site "Castelldefels"]
[Round "3"]
[Annotator ""]
[Result "1-0"]
[Date "2021.12.02"]
[WhiteElo "2563"]
[BlackElo "2371"]
[PlyCount "61"]

1. e4 c5 2. Nf3 d6 3. d4 cxd4 4. Nxd4 Nf6 5. Nc3 a6 6. Be2 e5 7. Nb3 Be7 8. O-O O-O 9. Qd3 Be6 10. Bd2 a5 11. a4 Nc6 12. Nd5 Bxd5 13. exd5 Nb4 14. Bxb4 axb4 15. a5 Qc7 16. Ra4 b6 17. a6 Rfc8 18. Rc1 Nd7 19. Rxb4 Bg5 20. Ra1 Qxc2 21. Qxc2 Rxc2 22. Bg4 Rxb2 23. Bxd7 Rxa6 24. Ba4 f5 25. g3 e4 26. h4 Bf6 27. Rc1 Rxa4 28. Rxa4 Rxb3 29. h5 h6 30. Rc8+ Kh7 31. Raa8 1-0

[Event "Castelldefels Llobregat op 2nd"]
[White "Pantzar,Milton"]
[Black "Fier,Alexandr"]
[Site "Castelldefels"]
[Round "2"]
[Annotator ""]
[Result "1/2-1/2"]
[Date "2021.12.01"]
[WhiteElo "2441"]
[BlackElo "2563"]
[PlyCount "84"]

1. d4 d5 2. c4 e6 3. Nf3 c6 4. g3 dxc4 5. Bg2 b5 6. O-O Bb7 7. b3 cxb3 8. Qxb3 Nf6 9. Rd1 Be7 10. Bg5 O-O 11. Ne5 a5 12. Nc3 a4 13. Qc2 Nd5 14. Bxe7 Qxe7 15. a3 Rc8 16. Ne4 Na6 17. Nd3 Rd8 18. Nec5 Nxc5 19. Nxc5 Rac8 20. Rac1 Ba8 21. e4 Nb6 22. e5 Nd7 23. h4 Rb8 24. Be4 g6 25. Qc3 h5 26. Kg2 Kg7 27. Kh3 Rh8 28. Rd3 Rbd8 29. Rcd1 Nb6 30. Qc1 Nc4 31. Rf3 Nxe5 32. dxe5 Rxd1 33. Qxd1 Qxc5 34. Qd7 Rf8 35. Rf6 Qxe5 36. Rxg6+ Kh8 37. Qe7 fxg6 38. Qxf8+ Kh7 39. f4 Qxe4 40. Qf7+ Kh8 41. Qf8+ Kh7 42. Qf7+ Kh8 1/2-1/2

[Event "Castelldefels Llobregat op 2nd"]
[White "Fier,Alexandr"]
[Black "Liyanage,Ranindu Dilshan"]
[Site "Castelldefels"]
[Round "1"]
[Annotator ""]
[Result "1-0"]
[Date "2021.11.30"]
[WhiteElo "2563"]
[BlackElo "2282"]
[PlyCount "107"]

1. e4 e6 2. d4 d5 3. Nd2 c5 4. exd5 Qxd5 5. dxc5 Nf6 6. Ngf3 Qxc5 7. Bd3 Be7 8. O-O O-O 9. Qe2 Nbd7 10. a4 Qc7 11. Nb3 b6 12. a5 bxa5 13. Bd2 Bb4 14. c3 Bd6 15. Nxa5 Nc5 16. Bc2 e5 17. h3 e4 18. Nd4 Ba6 19. c4 Bh2+ 20. Kh1 Be5 21. Nac6 Bb7 22. Nxe5 Qxe5 23. Qe3 Ne6 24. Bc3 Nxd4 25. Bxd4 Qe6 26. b3 a6 27. Ra5 Rad8 28. Rg5 h6 29. Re5 Qc6 30. Bc3 Rfe8 31. Rxe8+ Nxe8 32. Ra1 Nc7 33. Ra5 Ne6 34. Re5 Qd6 35. b4 f6 36. Bxe4 fxe5 37. Bxb7 Nd4 38. Bd5+ Kh8 39. f4 Nf5 40. Qxe5 Qg6 41. g4 Nd6 42. f5 Qg5 43. f6 Qc1+ 44. Kh2 Qc2+ 45. Bg2 Nf7 46. fxg7+ Kg8 47. Qe1 Ng5 48. Qe3 Qg6 49. h4 Re8 50. Bd5+ Ne6 51. Qf3 Qf7 52. Qf5 Qe7 53. Kh3 Qd6 54. c5 1-0

[Event "Titled Tuesday intern op 16th Nov"]
[White "Fier,Alexandr"]
[Black "Locci,Damiano"]
[Site "Chess.com INT"]
[Round "1"]
[Annotator ""]
[Result "0-1"]
[Date "2021.11.16"]
[WhiteElo "2563"]
[BlackElo "2216"]
[PlyCount "44"]

1. d4 d5 2. c4 e6 3. Nc3 a6 4. c5 b6 5. cxb6 cxb6 6. Nf3 Nf6 7. Ne5 Be7 8. Bg5 O-O 9. f4 Bb7 10. e3 Nbd7 11. Bd3 Nxe5 12. fxe5 Ne4 13. Bxe7 Qxe7 14. Bxe4 dxe4 15. O-O f5 16. exf6 Rxf6 17. Qg4 Rg6 18. Qf4 Rf8 19. Qxf8+ Qxf8 20. Rxf8+ Kxf8 21. Na4 b5 22. Nc5 Bc8 0-1

[Event "Titled Tuesday intern op 16th Nov"]
[White "Martin,Lewis"]
[Black "Fier,Alexandr"]
[Site "Chess.com INT"]
[Round "3"]
[Annotator ""]
[Result "1-0"]
[Date "2021.11.16"]
[WhiteElo "2205"]
[BlackElo "2563"]
[PlyCount "49"]

1. e4 c5 2. Nf3 Nf6 3. Nc3 d5 4. exd5 Nxd5 5. Bc4 Nb6 6. Bb5+ Bd7 7. Qe2 Nc6 8. O-O e6 9. d3 Be7 10. Bf4 O-O 11. Bxc6 Bxc6 12. Ne5 Rc8 13. Rad1 Bf6 14. Ne4 Bxe4 15. Qxe4 Nd5 16. Bg3 Bxe5 17. Bxe5 b5 18. c4 Ne7 19. cxb5 Qb6 20. a4 a6 21. d4 axb5 22. dxc5 Rxc5 23. Bd6 Rc4 24. Qe3 Qb8 25. Bxb8 1-0

[Event "Titled Tuesday intern op 28th Sept"]
[White "Fier,Alexandr"]
[Black "Sadhwani,Raunak"]
[Site "Chess.com INT"]
[Round "8"]
[Annotator ""]
[Result "1-0"]
[Date "2021.09.28"]
[WhiteElo "2564"]
[BlackElo "2603"]
[PlyCount "89"]

1. d4 Nf6 2. c4 e6 3. Nc3 Bb4 4. e3 O-O 5. Nge2 c6 6. a3 Ba5 7. Qc2 d5 8. Ng3 Re8 9. Be2 Bc7 10. O-O Nbd7 11. Rd1 a5 12. b3 dxc4 13. bxc4 e5 14. d5 cxd5 15. cxd5 Bd6 16. Nb5 Nc5 17. a4 b6 18. Ba3 Bb7 19. Nf5 Bf8 20. d6 Be4 21. Ne7+ Bxe7 22. dxe7 Qxe7 23. Qb2 Red8 24. Nc3 Qe6 25. Nxe4 Ncxe4 26. Rab1 Rxd1+ 27. Rxd1 h5 28. h3 Rc8 29. Ba6 Rc7 30. Rd8+ Kh7 31. Bd3 Rd7 32. Rxd7 Qxd7 33. Qb1 Qxa4 34. Be7 g6 35. f3 Nc3 36. Qxb6 Qd1+ 37. Kh2 Ncd5 38. Qa6 Ng8 39. Bd6 Nb4 40. Bxg6+ fxg6 41. Qb7+ Kh6 42. Bxe5 Qd5 43. Qg7+ Kg5 44. e4 Qe6 45. f4+ 1-0

[Event "ITA-chT Final 52nd"]
[White "Fier,Alexandr"]
[Black "Solomon,Kenny"]
[Site "Montesilvano"]
[Round "1.1"]
[Annotator ""]
[Result "1-0"]
[Date "2021.09.25"]
[WhiteElo "2564"]
[BlackElo "2353"]
[PlyCount "79"]

1. e4 c5 2. Nf3 d6 3. d4 cxd4 4. Nxd4 Nf6 5. Nc3 a6 6. f3 e5 7. Nb3 Be6 8. Be3 Be7 9. Qd2 h5 10. O-O-O Nbd7 11. Kb1 Rc8 12. h4 b5 13. a3 Nb6 14. Bg5 Qc7 15. Bxf6 gxf6 16. Be2 f5 17. f4 fxe4 18. Nxe4 d5 19. Ng5 Bf5 20. Rc1 Nc4 21. Qxd5 Bxg5 22. hxg5 Bxc2+ 23. Ka1 Bxb3 24. Bxh5 Kf8 25. fxe5 Rd8 26. Qf3 Ba4 27. Bxf7 Rxh1 28. Bd5+ Ke8 29. Bc6+ Rd7 30. Rxh1 Qxe5 31. Qf6 Qxf6 32. gxf6 Ne5 33. Re1 Kf8 34. Rxe5 Rd1+ 35. Ka2 Bc2 36. Bf3 Rc1 37. Bh5 Bb1+ 38. Kb3 Rc8 39. f7 Kg7 40. Re8 1-0